000 00595nam a2200229Ia 4500
003 OSt
005 20220923225734.0
006 a|||||r|||| 00| 0
007 ta
008 Pun
024 _a274,309
037 _cTextual
040 _aARTS
_cARTS
_bPun
041 _2Pun
_aPun
082 _aO153,6xM, J4
100 _aਸਿੰਘ, ਪ੍ਰੀਤਮ, ਥਦ.
245 0 _aਭਾਵ ਚਿਤਰ
260 _c1954
650 _aਪੰਜਾਬੀ ਸਾਹਿਤ
942 _hO153,6xM, J4
_cTEXL
_2CC
999 _c380073
_d380073